| 000 | 01436nam a22002657a 4500 | ||
|---|---|---|---|
| 001 | 41170 | ||
| 003 | UA-OsUOA | ||
| 005 | 20201216120039.0 | ||
| 007 | ta | ||
| 008 | 20060918b un ||||| |||| 00| 0 ukr d | ||
| 020 | _a5285000033 | ||
| 040 |
_aUA-OsUOA _brus _cUA-OsUOA _dUA-OsUOA |
||
| 041 | _arus | ||
| 080 | _a821.161.1 | ||
| 090 |
_a821.161.1 _bЧ-49 |
||
| 100 | _aЧерненок М. | ||
| 245 |
_aСоветский детектив _bСтавка на проигрыш. Жестокое счастье. Последствие неустранимы |
||
| 260 |
_aМ. _bДружба народов _c1990 |
||
| 300 | _a495 с. | ||
| 490 |
_aСоветский детектив _vТ. 17 |
||
| 520 | _aДетективные повести сибирского писателя Михаила Черненка исследуют социальные проблемы, порождающие такие преступления, как спекуляция, мошенничество, шантаж, злоупотребление слуебным полоением. Основная мысль повестей любое преступлени е всегда безнравственно, это трагедия не только для потерпевшего, но и для преступника. | ||
| 650 | 7 |
_a82 Література. Літературознавство _2UDC |
|
| 942 |
_cBK _2udc |
||
| 955 | _a3 | ||
| 999 |
_c327312 _d327312 |
||